00422nam a2200145 4500001000700000003000900007005001700016007000300033008004100036100003400077245005300111260006400164300002700228852002100255113490ES-MaACL20230906185919.0t|061121s1912 sp r ||||1| spa d1 aPalacios y Olmedo, Manuel de.10aRielar de ideas / cManuel de Palacios y Olmedo. aMadrid : b[s. n.], c1912 (fHijos de Gómez Fuentenebro) a196 p. ; c19 x 12 cm. aES-MaACLjF-4938